| 000 | 00000nam##2200000za#4500 |
| 001 | 9.613391 |
| 003 | CaOODSP |
| 005 | 20200327130853 |
| 007 | ta |
| 008 | 150406|1996||||xxc||||| f|0| 0 eng|d |
| 022 | |a0706-6457 |
| 040 | |aCaOODSP|beng |
| 043 | |an-cn--- |
| 086 | 1 |aFs97-6/2125E |
| 110 | 1 |aCanada. |bDepartment of Fisheries and Oceans. |
| 245 | 13|aAn examination of biological and other factors affecting mussel aquaculture development in the Scotia-Fundy region of Nova Scotia / |cby K. R. Freeman. |
| 260 | |aOttawa - Ontario : |bFisheries and Oceans Canada |c1996. |
| 300 | |av, 32p.|bfigs., graphs, references, tables |
| 490 | 1 |aCanadian technical report of fisheries and aquatic sciences|x0706-6457|v2125 |
| 500 | |aPrepared at the Science Branch, Maritimes Region, Molluscan Fisheries Action, Invertebrate Fisheries Division, Department of Fisheries and Oceans, Halifax Fisheries Research Laboratory, P.O. Box 550, Halifax, Nova Scotia B3J 2S7. |
| 546 | |aRésumés en français |
| 563 | |aSoftcover |
| 590 | |a96-42|b1996-10-18 |
| 720 | 1 |aFreeman, K.R. |
| 776 | 0#|tAn examination of biological and other factors affecting mussel aquaculture development in the Scotia-Fundy Region of Nova Scotia / |w(CaOODSP)9.574091 |
| 830 | #0|aCanadian technical report of fisheries and aquatic sciences,|x0706-6457|v2125|w(CaOODSP)9.514691 |